000 00273nam a22001097a 4500
008 170123b xxu||||| |||| 00| 0 eng d
020 _a9780130304544
041 _aeng
080 _a618.2
245 _aFLUIDS, ELECROTOLYTES, & ACID-BASE BALANCE
_cHOGAN, M.A
942 _2udc
_cBK
999 _c3397
_d3397